| 000 | 00880cab a2200229 4500 | ||
|---|---|---|---|
| 001 | WB2531-09 | ||
| 008 | 090401t1989 xxu||||| |||| 00| 0 eng d | ||
| 035 | _a(Sirsi) u10536 | ||
| 041 | _aeng | ||
| 245 | _aPotential access value | ||
| 260 | _c1989 | ||
| 350 | _a0 | ||
| 490 |
_aEGCS _v1989 118 |
||
| 520 | _aIn Batchelor v Kent CC CA 26 July 1989, the point at issue was the compensation for land with potential access value to development land. CA held that the award of £500,000 should be remitted to LT. | ||
| 650 | _aHORN V SUNDERLAND CORPORATION | ||
| 650 | _aLAND COMPENSATION ACT 1961 S5-RULE-3 | ||
| 650 | _aPOINTE GOURDE QUARRYING AND TRANSPORT CO LTD V CROWN LANDS SUPERINTENDENT | ||
| 650 | _aRANSOM VALUE | ||
| 690 | _aENVIRONMENTAL AND LAND CONSULTANCY-PLANNING AND DEVELOPMENT-COMPULSORY PURCHASE AND COMPENSATION | ||
| 942 | _n0 | ||
| 948 | _c04/03/1997 | ||
| 999 |
_c6660 _d6660 |
||